|
|
|
|
| LEADER |
00000nam a2200000 a 4500 |
| 001 |
vtls001276034 |
| 003 |
SK-MaSNL |
| 005 |
20260301225550.0 |
| 008 |
240313s1976 xx 0 und |
| 035 |
|
|
|a SNK000227266
|
| 040 |
|
|
|a SNK
|b slo
|c SNK
|e AACR2
|
| 100 |
1 |
|
|a Valášková, Eva
|4 aut
|9 619315
|
| 245 |
1 |
|
|a Choroby a škůdci okrasných rostlin
|
| 260 |
|
|
|a Praha
|b SZN
|c 1976
|
| 300 |
|
|
|a 289 s.
|
| 958 |
|
|
|a OND
|
| 999 |
|
|
|c 951345
|d 953275
|
| 952 |
|
|
|t P60, <04>, [BOOK], {604}
|a SNK
|b SNK
|y VYP
|7 0
|p 17A0038333
|o snkIC 67877 D1
|0 0
|1 1
|4 0
|d 1997-02-14
|l 0
|r 2005-01-02 00:00:00
|w 2026-02-24
|
| 952 |
|
|
|a SNK
|b SNK
|y VYP
|7 0
|p 17A0469052
|o snkIC 67877
|i snkKIP 2567/77
|0 0
|1 0
|4 0
|d 2005-06-30
|l 0
|r 2026-02-24 09:48:45
|w 2026-02-24
|